Futurama: Bender's Top 10 Quiz Stats

 Plays Quiz Updated Nov 15, 2018

     
Support Sporcle.
Go Orange.
Score 0/10 Timer 03:00
1 Play Today
No. Word % Correct
1Ass
95.7%
3Shiny
89.3%
4My
87.9%
5Bite
78.3%
2Daffodil
43.2%
10Chump
39.9%
9Chumpette
37%
6Pimpmobile
32.5%
7Up
26%
8Yours
25%

From the Vault

Four From Where?

by wiggytitch

These foursomes would look funny if they were ahead of you in line for customs.
Remove Ads.
Support Sporcle.
Get the best of Sporcle when you Go Orange. This ad-free experience offers more features, more stats, and more fun while also helping to support Sporcle. Thank you for becoming a member.

Show Comments

Extras

Top Quizzes Today


Score Distribution

Your Account Isn't Verified!

In order to create a playlist on Sporcle, you need to verify the email address you used during registration. Go to your Sporcle Settings to finish the process.

Report this User

Report this user for behavior that violates our Community Guidelines.

Details: